000 00492nam a2200145 a 4500
001 000045211
005 20201002045953.0
008 150210s2004 dr a 000 0 spa d
040 _aDO-SdBNP
_bspa
_cBNPHU
082 _axxxxxxxx
_bxxxxxxxx
100 1 _aPérez Pérez, Milvio Bernardo
_973222
245 1 0 _aExposición gráfica Movimiento Revolucionario 14 de Junio /
_cMilvio Bernardo Pérez Pérez.
260 _aSanto Domingo :
_bEne publicidad,
_c[s.f.].
300 _a138 p. :
_bil. ;
_c21 cm.
999 _c44700
_d44700